000 00323nam a2200121Ia 4500
008 220803s9999 xx 000 0 und d
041 _aeng
082 _a823MUJ
100 _aMujumdar S
_929763
245 _aNew And New Faces Friends
260 _b"Symbiosis Centre For International Education, Pune"
_c2014
300 _a230p
999 _c18620
_d18620